Impact of food availability on child mortality: a cross country comparative analysis

Dopad potravinovej bezpečnosti na úmrtnosť detí bol skúmaný v 114 krajinách, pre obdobie 1995-2009. Potravinová bezpečnosť má negatívny dopad na detskú úmrtnosť, najmä v afrických krajinách.

Enregistré dans:
Détails bibliographiques
Auteur principal: Agboola, Mary Oluwatoyin
Format: Chapitre de livre
Langue:anglais
Sujets:
Tags: Ajouter un tag
Pas de tags, Soyez le premier à ajouter un tag!

MARC

LEADER 00000naa a2200000 4500
001 0234925
005 20220805075043.4
041 0 |a eng 
044 |a CZ 
245 1 0 |a Impact of food availability on child mortality: a cross country comparative analysis  |c Mary Oluwatoyin Agboola 
520 |a Dopad potravinovej bezpečnosti na úmrtnosť detí bol skúmaný v 114 krajinách, pre obdobie 1995-2009. Potravinová bezpečnosť má negatívny dopad na detskú úmrtnosť, najmä v afrických krajinách. 
610 2 0 |a bezpečnosť potravinová 
610 2 0 |a deti 
610 2 0 |a úmrtnosť 
610 2 0 |a rast hospodársky 
610 2 0 |a príjmy 
610 2 0 |a politika sociálna 
610 2 0 |a Afrika 
100 1 |a Agboola, Mary Oluwatoyin